La prisión San Isidro : (Registro nro. 29779)
[ vista simple ]
| 000 -LEADER | |
|---|---|
| fixed length control field | 01328nam a22002657a 4500 |
| 003 - CONTROL NUMBER IDENTIFIER | |
| control field | OSt |
| 005 - DATE AND TIME OF LATEST TRANSACTION | |
| control field | 20221206144814.0 |
| 008 - FIXED-LENGTH DATA ELEMENTS--GENERAL INFORMATION | |
| fixed length control field | 221206s2002 ck ad||gr|||| 00| 0 spa d |
| 020 ## - INTERNATIONAL STANDARD BOOK NUMBER | |
| International Standard Book Number | 9583323284 |
| 040 ## - CATALOGING SOURCE | |
| Original cataloging agency | CO-JMCR |
| Transcribing agency | CO-JMCR |
| 041 0# - LANGUAGE CODE | |
| Language code of text/sound track or separate title | spa |
| 082 04 - DEWEY DECIMAL CLASSIFICATION NUMBER | |
| Classification number | 365.9861 / |
| Item number | F175p |
| 100 1# - MAIN ENTRY--PERSONAL NAME | |
| Personal name | Fajardo Sandoval, Franklyn, |
| Relator term | autor |
| 9 (RLIN) | 42458 |
| 245 13 - TITLE STATEMENT | |
| Title | La prisión San Isidro : |
| Remainder of title | incidencia física, sicológica y social de la reclusión / |
| Statement of responsibility, etc. | Franklyn Fajardo Sandoval, Zamantha Correa Correa, Alexander Montoya Prada |
| 250 ## - EDITION STATEMENT | |
| Edition statement | Primera edición |
| 260 ## - PUBLICATION, DISTRIBUTION, ETC. | |
| Place of publication, distribution, etc. | Popayán : |
| Name of publisher, distributor, etc. | Universidad del Cauca, |
| Date of publication, distribution, etc. | 2002 |
| 300 ## - PHYSICAL DESCRIPTION | |
| Extent | 189 páginas : |
| Other physical details | gráficas a color ; |
| Dimensions | 23 cm |
| 504 ## - BIBLIOGRAPHY, ETC. NOTE | |
| Bibliography, etc. note | Bibliografía : páginas 188-189 |
| 505 ## - FORMATTED CONTENTS NOTE | |
| Formatted contents note | La política criminal. Fracaso perpetuo del Estado -- Características y perfiles de personalidad del personal de cautivos de la Penitenciaría Nacional San Isidro de Popayán -- Algunas consideraciones finales. La necesidad de intentar cambios adscritos a la política criminal -- Otras voces, otras libertades |
| 650 14 - SUBJECT ADDED ENTRY--TOPICAL TERM | |
| Topical term or geographic name entry element | Prisiones |
| General subdivision | Investigaciones |
| Geographic subdivision | San Isidro (Cauca) |
| 9 (RLIN) | 42459 |
| 650 24 - SUBJECT ADDED ENTRY--TOPICAL TERM | |
| Topical term or geographic name entry element | Administración de justicia penal |
| General subdivision | Investigaciones |
| Geographic subdivision | Colombia |
| 9 (RLIN) | 42460 |
| 700 1# - ADDED ENTRY--PERSONAL NAME | |
| Personal name | Correa Correa, Zamantha, |
| Relator term | autora |
| 9 (RLIN) | 42461 |
| 700 1# - ADDED ENTRY--PERSONAL NAME | |
| Personal name | Montoya Prada, Alexander, |
| Relator term | autor |
| 9 (RLIN) | 42462 |
| 942 ## - ADDED ENTRY ELEMENTS (KOHA) | |
| Source of classification or shelving scheme | Dewey Decimal Classification |
| Koha item type | Books |
| Withdrawn status | Lost status | Source of classification or shelving scheme | Damaged status | Not for loan | Home library | Current library | Date acquired | Source of acquisition | Total Checkouts | Full call number | Barcode | Date last seen | Date last checked out | Copy number | Price effective from | Koha item type |
|---|---|---|---|---|---|---|---|---|---|---|---|---|---|---|---|---|
| Dewey Decimal Classification | Biblioteca Pública José María del Castillo y Rada | Biblioteca Pública José María del Castillo y Rada | 02/28/2022 | Donación | 1 | 365.9861 / F175p | 201811154 | 05/16/2024 | 02/14/2024 | Ej.1 | 12/06/2022 | Books |